Iguales, pero diferentes: un modelo de integración en el tiempo libre
Sparad:
| Huvudupphovsmän: | , , , , , |
|---|---|
| Materialtyp: | Bok |
| Språk: | spanska |
| Publicerad: |
Madrid
Popular
1995
|
| Serie: | Tiempo Libre
|
| Ämnen: | |
| Taggar: |
Lägg till en tagg
Inga taggar, Lägg till första taggen!
|
MARC
| LEADER | 00000nam a2200000 a 4500 | ||
|---|---|---|---|
| 001 | UCN2892 | ||
| 003 | CL-VaPUC | ||
| 008 | 010615e19950000SP |||||||||||||||||spa|d | ||
| 082 | 0 | 4 | |a 371.9 |b ESP |2 21 |
| 100 | 0 | |a Espinosa Rabanal, Almudena |e author |9 459142 | |
| 700 | 0 | |a Jimeno Manzanero, Alfredo |e author |9 459143 | |
| 700 | 0 | |a Martínez Estrada, Rosa |e author |9 459144 | |
| 700 | 0 | |a Ordoño Sobrado, Esmeralda |e author |9 459145 | |
| 700 | 0 | |a Ortega Muñoz, Javier |e author |9 459146 | |
| 700 | 0 | |a Relaño Fernández, Pilar |e author |9 459147 | |
| 245 | 1 | 0 | |a Iguales, pero diferentes: un modelo de integración en el tiempo libre |
| 300 | |a 192 p | ||
| 942 | |c BK | ||
| 945 | |d 20010615 00:00:00 |a cmena | ||
| 260 | |a Madrid |b Popular |c 1995 | ||
| 650 | 0 | |a Juegos infantiles |9 307365 | |
| 650 | 7 | |a PSICOMOTRICIDAD |2 CL-VaPUC |9 241072 | |
| 650 | 0 | |a Educación especial |9 307486 | |
| 650 | 0 | |a Métodos de enseñanza |9 270413 | |
| 650 | 7 | |a NIÑOS MINUSVALIDOS |2 CL-VaPUC |9 309747 | |
| 650 | 0 | |a Integración social |9 319662 | |
| 583 | |a last modification |c 20010615 00:00:00 |k Rodrigo Vera | ||
| 490 | 0 | |a Tiempo Libre | |
| 999 | |c 295911 |d 295909 | ||
| 952 | |0 0 |1 0 |4 0 |6 371_900000000000000_ESP_1995 |7 0 |8 A |9 349346 |a BIBEDU |b BIBEDU |c ES_NOD |d 2019-11-20 |i 3733335 |o 371.9 ESP 1995 |p 3733335 |r 2023-08-09 |w 2019-11-20 |y BK |k EFI | ||
| 952 | |0 0 |1 0 |4 0 |6 371_900000000000000_ESP_1995 |7 0 |8 A |9 349347 |a BIBEDU |b BIBEDU |c ES_NOD |d 2019-11-20 |i 369805K |o 371.9 ESP 1995 |p 369805K |r 2023-08-09 |w 2019-11-20 |y BK |k EPE | ||